header

Communication of innovations; (Record no. 256321)

MARC details
000 -LEADER
fixed length control field 01011cam a2200289 4500
001 - CONTROL NUMBER
control field 3213768
003 - CONTROL NUMBER IDENTIFIER
control field OSt
005 - DATE AND TIME OF LATEST TRANSACTION
control field 20170320115515.0
008 - FIXED-LENGTH DATA ELEMENTS--GENERAL INFORMATION
fixed length control field 710930s1971 nyua b 001 0 eng
010 ## - LIBRARY OF CONGRESS CONTROL NUMBER
LC control number 78122276
040 ## - CATALOGING SOURCE
Original cataloging agency DLC
Transcribing agency DLC
Modifying agency DLC
050 00 - LIBRARY OF CONGRESS CALL NUMBER
Classification number HM101
Item number .R57 1971
082 00 - DEWEY DECIMAL CLASSIFICATION NUMBER
Classification number 301.2/42
100 1# - MAIN ENTRY--PERSONAL NAME
Personal name Rogers, Everett M.
245 10 - TITLE STATEMENT
Title Communication of innovations;
Remainder of title a cross-cultural approach
Statement of responsibility, etc [by] Everett M. Rogers with F. Floyd Shoemaker.
250 ## - EDITION STATEMENT
Edition statement 2d ed.
260 ## - PUBLICATION, DISTRIBUTION, ETC. (IMPRINT)
Place of publication, distribution, etc New York,
Name of publisher, distributor, etc Free Press
Date of publication, distribution, etc [1971]
300 ## - PHYSICAL DESCRIPTION
Extent xix, 476 p.
Other physical details illus.
Dimensions 24 cm.
500 ## - GENERAL NOTE
General note First ed. (1962) and 3rd ed. (c1963) published under title: Diffusion of innovations.
504 ## - BIBLIOGRAPHY, ETC. NOTE
Bibliography, etc Bibliography: p. 387-466.
650 #0 - SUBJECT ADDED ENTRY--TOPICAL TERM
Topical term or geographic name as entry element Social change
General subdivision Cross-cultural studies.
Topical term or geographic name as entry element Technological innovations
General subdivision Social aspects.
Topical term or geographic name as entry element Diffusion of innovations.
700 1# - ADDED ENTRY--PERSONAL NAME
Personal name Shoemaker, F. Floyd,
Relator term joint author.
906 ## - LOCAL DATA ELEMENT F, LDF (RLIN)
a 7
b cbc
c orignew
d 2
e ncip
f 19
g y-gencatlg
942 ## - ADDED ENTRY ELEMENTS (KOHA)
Source of classification or shelving scheme Library of Congress Classification
Koha item type Long Loan Books
Call number suffix HM101.R57 1971
Holdings
Withdrawn status Lost status Source of classification or shelving scheme Damaged status Not for loan Home library Current library Shelving location Date acquired Total Checkouts Full call number Barcode Date last seen Price effective from Koha item type
    Library of Congress Classification     Rongo University Library Rongo University Library General Stacks 20/03/2017   HM101 .R57 1971 20087396 20/03/2017 20/03/2017 Long Loan Books

© 2026 Rongo University
Contact us: librarian | system librarian | Rongo university